First Aid Forward : USMLE Step 1

Bibliographic Details
Format: Database
Language:English
Published: New York : McGraw Hill, 2025-
Subjects:
Online Access:Connect to this resource. Note: First time users will need to register using a TAMU email address (netid@tamu.edu).

MARC

Tag First Indicator Second Indicator Subfields
LEADER 00000nai a22000003a 4500
001 in00005612321
008 250107c20259999nyuuu o 0 2eng d
006 suu o 0 2
007 cr cn|||||||||
005 20250110150223.8
035 |a (OCoLC)on1483082988 
040 |a TMV  |b eng  |c TMV 
035 |a (OCoLC)1483082988 
245 0 0 |a First Aid Forward :  |b USMLE Step 1 
246 3 |a First Aid Forward : Step 1 
260 |a New York :  |b McGraw Hill,  |c 2025- 
336 |a text  |b txt  |2 rdacontent 
337 |a computer  |b c  |2 rdamedia 
338 |a online resource  |b cr  |2 rdacarrier 
505 0 |a First Aid for the USMLE Step 1 -- First Aid Cases for the USMLE Step 1 -- First Aid Clinical Pattern Recognition Step 1. 
650 2 |a Clinical Medicine. 
650 2 |a Licensure, Medical. 
650 2 |a Test Taking Skills. 
651 2 |a United States. 
655 2 |a Examination Questions. 
856 4 0 |u http://proxy.library.tamu.edu/login?url=http://coral.library.tamu.edu/resourcelink.php?resource=17648  |z Connect to this resource. Note: First time users will need to register using a TAMU email address (netid@tamu.edu).  |t 0 
948 |a Record created for PO msl74804 on 01/08/25; rf. 
994 |a Z0  |b TMV 
948 |h HELD BY TMV - 0 OTHER HOLDINGS 
999 f f |s db20e597-12a0-41fb-aafc-038653b4a9b2  |i 7371330f-a30e-431d-a035-373211a8af86  |t 0 
952 f f |a Texas A&M University  |b College Station  |c Electronic Resources  |d Available Online  |t 0  |e Online Database  |h Other scheme 
998 f f |a Online Database  |t 0  |l Available Online